|
|
|
|
| LEADER |
00000cam a2200000 a 4500 |
| 001 |
vtls010478488 |
| 003 |
SK-MaSNL |
| 005 |
20260301174130.0 |
| 008 |
240315s2012 xo g 000 f slo |
| 015 |
|
|
|a SNBA2013
|
| 020 |
|
|
|a 9788055132419
|q (brož.)
|
| 035 |
|
|
|a EAC182D5-D359-401E-9FE9-11C42E98CB0B
|
| 035 |
|
|
|a urn:nbn:sk:snk-amjmc5
|
| 035 |
|
|
|a urn:nbn:sk:snk-am002erd
|
| 040 |
|
|
|a SNK
|b slo
|c SNK
|e AACR2
|
| 041 |
0 |
|
|a slo
|
| 044 |
|
|
|a xo
|c SK
|
| 072 |
|
7 |
|a 821.162.4-3
|x Slovenská próza
|2 konspekt
|
| 080 |
|
|
|a 821.162.4-31
|2 2001
|
| 080 |
|
|
|a (0:82-31)
|2 2001
|
| 100 |
1 |
|
|a Scherhauferová, Ružena,
|d 1950-
|4 aut
|9 261631
|
| 245 |
1 |
0 |
|a Predajná láska
|c Ružena Scherhauferová
|
| 250 |
|
|
|a [1. vyd.]
|
| 260 |
|
|
|a Bratislava
|b Ikar
|c 2012
|
| 300 |
|
|
|a 382 s.
|c 17 cm
|
| 490 |
1 |
|
|a Príbehy z kabelky
|
| 655 |
|
7 |
|a slovenské romány
|2 SNKPH
|9 70324
|
| 655 |
|
7 |
|a Slovak fiction
|2 SNKPHeng
|9 277096
|
| 830 |
|
0 |
|a Príbehy z kabelky
|9 416470
|
| 852 |
|
|
|a Štátna vedecká knižnica v Banskej Bystrici
|
| 919 |
|
|
|a 978-80-551-3241-9
|
| 999 |
|
|
|c 838771
|d 840701
|
| 952 |
|
|
|a SNK
|b SNK
|y PREZ
|7 0
|p 17A1061736
|o snkSD 81735
|i snk2013/2172
|8 0
|0 0
|1 0
|4 0
|d 2013-01-29
|l 0
|r 2025-12-01 00:00:00
|w 2026-02-24
|
| 952 |
|
|
|a SNK
|b SNK
|y PREZ
|7 0
|p 17A1061735
|o snkSD 81735 D1
|i snk2013/2173
|8 0
|0 0
|1 0
|4 0
|d 2013-01-29
|f 1
|l 0
|r 2017-06-30 00:00:00
|w 2026-02-24
|